00586nam a22001937a 450000500170000001000150001702000260003202000230005803500130008103700130009408200110010724500810011826000450019927000610024430000270030565000210033265000190035365000200037220100816152818.0 aENG-100642 a9780195696929c445.00 a0195696921c445.00 aEN-84175 bDBAD/PUB a352.54 aIndia :bsocial development report 2008 /cby Council for Social Development aNew DelhibOxford University Pressc2008 aYMCA Library Building, Jai Singh RoadbNew Delhie110001 axvii,311p.c28cm (pbk) aEconomic history aSocial history aSocial planning